Entry Nombre personal
001 - NÚMERO DE CONTROL
- campo de control: 18166
003 - IDENTIFICADOR DE NÚMERO DE CONTROL
- campo de control: SpMaBN
005 - FECHA Y HORA DE LA ÚLTIMA TRANSACCIÓN
- campo de control: 20230618182658.0
008 - ELEMENTOS DE DATO DE LONGITUD-FIJA
- campo de control de longitud fija: 970805n| aijnnaabn |a aaa
016 ## - NÚMERO DE CONTROL DE UNA AGENCIA BIBLIOGRÁFICA NACIONAL
- Número de control del registro: BNE19973198113
024 7# - IDENTIFICADOR DE OTROS ESTÁNDARES
- Número estándar o código: http://viaf.org/viaf/31786358/
- Fuente: viaf
024 8# - IDENTIFICADOR DE OTROS ESTÁNDARES
- Número estándar o código: https://data.cervantesvirtual.com/person/41135
024 7# - IDENTIFICADOR DE OTROS ESTÁNDARES
- Número estándar o código: https://isni.org/isni/0000000071407212
- Fuente: isni
024 7# - IDENTIFICADOR DE OTROS ESTÁNDARES
- Número estándar o código: http://www.wikidata.org/entity/Q11022603
- Fuente: wikidata
040 ## - FUENTE DE CATALOGACIÓN
- Centro catalogador/agencia de origen: SpMaBN
- Lengua de catalogación: spa
- Centro/agencia transcriptor: SpMaBN
- Normas de descripción: rdc
- Convención/Normas de encabezamiento de materia/tesauro: embne
- Centro/agencia modificador: ES-MaACL
046 ## - FECHAS CON CODIFICACIÓN ESPECIAL
- Fecha de nacimiento: 1974-01-07
100 1# - ENCABEZAMIENTO-NOMBRE DE PERSONA
- Nombre de persona: Abril, Juan Carlos,
- Fechas asociadas al nombre: 1974-
370 ## - LUGAR ASOCIADO
- Lugar de nacimiento: España, Andalucía, Jaén (Provincia), Andújar, Los Villares (Andújar, Jaén)
- Fuente del término: embne
372 ## - CAMPO DE ACTIVIDAD
- Campo de actividad: Poesías
- Fuente del término: tgfbne
372 ## - CAMPO DE ACTIVIDAD
- Campo de actividad: Análisis literario
- Fuente del término: embne
374 ## - OCUPACIÓN
- Ocupación: Poetas
- Ocupación: Profesores universitarios
- Fuente del término: embne
375 ## - GÉNERO/SEXO
- Género: Masculino
377 ## - IDIOMA ASOCIADO
- Término de lengua/lenguaje: Español
400 1# - TRAZADO DE VÉASE--NOMBRE DE PERSONA
- Nombre de persona: Abril Palacios, Juan Carlos,
- Fechas asociadas al nombre: 1974-
670 ## - FUENTE DE DATOS ENCONTRADOS
- Cita de la fuente: Ciclo lunar, 1998;
- Información encontrada: contraport. (cop. Juan Carlos Abril) solapa (n. Los Villares, Jaén, 1974)
670 ## - FUENTE DE DATOS ENCONTRADOS
- Cita de la fuente: Poesía en la escritura, 2008;
- Información encontrada: port. (Juan Carlos Abril Palacios)
670 ## - FUENTE DE DATOS ENCONTRADOS
- Cita de la fuente: WWW Wikipedia, 7-9-2018;
- Información encontrada: (Los Villares, Jaén, 7 de enero de 1974. Es un poeta y crítico literario español. Ejerce la docencia en el Departamento de Didáctica de la Lengua y la Literatura de la Universidad de Granada)
- Identificador Uniforme de Recursos: https://es.wikipedia.org/wiki/Juan_Carlos_Abril
670 ## - FUENTE DE DATOS ENCONTRADOS
- Cita de la fuente: WWW Bn España aut., 28-6-2023;
- Información encontrada: (Abril, Juan Carlos, 1974-)
955 ## - CATALOGADOR - EDICIÓN
- Nombre del catalogador: Julia Mas Vieira
